Pokroková mládež světa obviňuje imperialismus /

Hlavní autor: Veselý, Josef, 1911-1994
Jazyk: Čeština
Vydáno: Praha : Olympia, 1977
Edice: Hry 22. olympiády - Moskva 1980. Studijní materiály
Fyzický popis: 35 s. ; 4°
Knihy
Uloženo v:
LEADER 00875nam a22002532a 4500
001 001704273
003 CZ BrMZK
005 20190829094422.0
007 ta
008 190829s1977 xr er|||||||||||cze d
015 |a cnb000419254 
035 |a (OCoLC)42164820 
040 |a ABA001  |b cze  |c BOA001  |d ABA001  |d BOA001 
080 |a 369.4(100) :327.2(041) 
100 1 |a Veselý, Josef,  |d 1911-1994  |7 jk01142184  |4 aut 
245 1 0 |a Pokroková mládež světa obviňuje imperialismus /  |c zprac. Josef Veselý 
260 |a Praha :  |b Olympia,  |c 1977 
300 |a 35 s. ;  |c 4° 
490 1 |a Hry 22. olympiády - Moskva 1980. Studijní materiály  |v č. 1 
830 0 |a Hry 22. olympiády - Moskva 1980.  |p Studijní materiály 
910 |a BOA001  |b X2-0784.502 
990 |a BK 
991 |b 201908 
996 6 |b 2618832706  |c X2-0784.502  |l MZK  |r Sklad / do 24 hodin  |n 0  |w 001751213  |u 000010  |a 1  |e BOA001  |j MZK50  |s P